Analýza pohybu navíjacieho stroja v systéme SimMechanics
Na minha lista:
| Autor principal: | |
|---|---|
| Outros Autores: | |
| Formato: | Manuscrito Livro |
| Idioma: | eslovaco |
| Publicado em: |
2016
|
| Assuntos: | |
| Acesso em linha: | http://is.stuba.sk/zp/portal_zp.pl?podrobnosti=108391 |
| Tags: |
Sem tags, seja o primeiro a adicionar uma tag!
|
MARC
| LEADER | 00000ntm a22000003a 4500 | ||
|---|---|---|---|
| 001 | stuzp55401 | ||
| 003 | SK-STU | ||
| 005 | 20160719154743.1 | ||
| 007 | ta | ||
| 008 | 150427s2015----xo-----f-mn---000-0-slo-d | ||
| 040 | |a STU |b slo | ||
| 041 | 0 | |a slo | |
| 100 | 1 | |a Paulen, Andrej |u 020010 |4 aut |U SjF Strojnícka fakulta |T SjF Ústav aplikovanej mechaniky a mechatroniky |X 63056 |U J0010 |Y 801 |7 63056 | |
| 242 | 0 | 1 | |a The motion analysis of the winding machine in system SimMechanics |y eng |
| 245 | 1 | 0 | |a Analýza pohybu navíjacieho stroja v systéme SimMechanics |
| 260 | |c 2016 | ||
| 650 | 4 | |a simulácia |2 slo | |
| 650 | 4 | |a SimMechanics |2 slo | |
| 650 | 4 | |a CAD |2 slo | |
| 650 | 4 | |a výkon elektromotora |2 slo | |
| 650 | 4 | |a navíjadlo |2 slo | |
| 650 | 4 | |a winding machine |2 eng | |
| 650 | 4 | |a SimMechanics |2 eng | |
| 650 | 4 | |a CAD |2 eng | |
| 650 | 4 | |a motor power |2 eng | |
| 650 | 4 | |a simulation |2 eng | |
| 700 | 1 | |a Garan, Martin |u 020010 |k Z1 |4 ths |U SjF Strojnícka fakulta |T SjF Ústav aplikovanej mechaniky a mechatroniky |X 10008 |U J0010 |Y 801 |7 A000010008 | |
| 856 | 4 | |u http://is.stuba.sk/zp/portal_zp.pl?podrobnosti=108391 | |
| SQL | |a stuzp55401 |b DBP |c SLO |d Analýza pohybu navíjacieho stroja v systéme SimMechanics |e 63056 |f Paulen, Andrej |g 020010 |h 10008 |i Garan, Martin |j 20160614 |k 645 |l 02 |m http://is.stuba.sk/zp/portal_zp.pl?podrobnosti=108391 |n B-AMAM |o 5.1.7. aplikovaná mechanika, 5.2.16. mechatronika | ||